Activismo político estudiantil en Guatemala /
Saved in:
| Main Author: | |
|---|---|
| Format: | Text |
| Language: | Spanish |
| Subjects: | |
| Tags: |
Add Tag
No Tags, Be the first to tag this record!
|
MARC
| LEADER | 00000 a a2200000 04500 | ||
|---|---|---|---|
| 001 | 42553 | ||
| 003 | cru CRAI/IIS | ||
| 005 | 20210422100327.0 | ||
| 008 | 210422b ||||| |||| 00| 0 spa d | ||
| 040 | |c cru CRAI/IIS | ||
| 100 | |a Petersen, John H. | ||
| 245 | |a Activismo político estudiantil en Guatemala / |c John H. Petersen | ||
| 500 | |a Colección Centroamérica | ||
| 650 | |a ESTUDIANTES | ||
| 650 | |a GUATEMALA | ||
| 650 | |a POLITICA | ||
| 650 | |a UNIVERSIDADES | ||
| 773 | |g volumen1, número2 ( , 1972), Páginas 129-141 | ||
| 773 | 0 | |0 18875 |9 5536 |a Universidad de Costa Rica. |d San José, Costa Rica: Universidad de Costa Rica. Consejo Superior Universitario Centroamericano, 1972- |o 13786 |t Estudios Sociales Centroamericanos / |x 03039676 | |
| 942 | |2 ddc |c PP | ||
| 999 | |c 38016 |d 38016 | ||
